Švec, Štefan: Metodológia vied o výchove. - Bratislava : IRIS, 1998. - 303 s.

Bibliographic Details
Main Author: Prusáková, Viera, 1947-2020 (Author)
Format: Article
Language:Slovak
Subjects:

MARC

LEADER 00000nab a2200000 a 4500
001 vtls001505341
003 SK-MaSNL
005 20260518083433.0
008 250505s1998 xo 000 0 slo
035 |a SPKCL7668 
035 |a urn:nbn:sk:snk-abaf58 
035 |a (urnnbn)urn:nbn:sk:snk:ar-a0asmj 
035 |a (uuid)f909d9bd-29e1-446c-b632-584020edd4ca 
040 |a SNKBUCL  |b slo  |c SNKBUCL  |e AACR2 
041 0 |a slo 
044 |a xo  |c SK 
080 |a 37.001.5:37.012:37.012.3  |2 1981 
100 1 |a Prusáková, Viera,  |d 1947-2020  |4 aut  |9 1638891 
245 1 0 |a Švec, Štefan: Metodológia vied o výchove. - Bratislava : IRIS, 1998. - 303 s.  |c Viera Prusáková 
650 0 7 |a edukačný výskum  |2 snkbucl  |9 1452479 
650 0 7 |a akčný výskum  |2 snkbucl  |9 472965 
650 0 7 |a metodológia pedagogiky  |2 snkbucl  |9 72752 
650 0 7 |a metodológia andragogiky  |2 snkbucl  |9 1452480 
773 0 |t Vzdelávanie dospelých  |g Roč. 3, č. 3 (1998), s. 76-78 
787 0 8 |i Rec.:  |a Švec, Štefan  |t Metodológia vied o výchove  |d Bratislava : IRIS, 1998 
850 |a Slovenská národná knižnica 
852 |a Slovenská národná knižnica 
954 |a odborná, vedecká literatúra pôvodná (slovenská)  |2 lita 
958 |a article14 
958 |a OND 
958 |a EUIPO 
999 |c 2907023  |d 2908953